[Event "Arad op 11th"]
[Site "Arad"]
[Date "2018.08.07"]
[Round "4"]
[White "Bogdan, Dan"]
[Black "Carasca, Bogdan Petru"]
[Result "1/2-1/2"]
[WhiteElo "2382"]
[BlackElo "1993"]
[PlyCount "80"]
[EventDate "2018.08.05"]
[EventType "swiss"]
[EventRounds "9"]
[EventCountry "ROU"]
[SourceTitle "CBM 185 Extra"]
[Source "ChessBase"]
[SourceDate "2018.07.29"]
[SourceVersion "1"]
[SourceVersionDate "2018.07.29"]
[SourceQuality "1"]

1. c4 Nf6 2. d4 g6 3. Nc3 d5 4. Nf3 Bg7 5. cxd5 Nxd5 6. g3 0-0 7. Bg2 c5 8. Nxd5 Qxd5 9. dxc5 Qxd1+ 10. Kxd1 Na6 11. c6 bxc6 12. Nd2 Nb4 13. a3 Nd5 14. Kc2 Rb8 15. e4 Nb6 16. Rb1 Rd8 17. b3 Rb7 18. Bf1 Be6 19. f3 Rbd7 20. Be2 a5 21. Nc4 Nxc4 22. bxc4 Bd4 23. Rd1 c5 24. Rb5 Ra8 25. Bb2 Rdd8 26. Bxd4 cxd4 27. Kd3 f6 28. f4 Bf7 29. Rc1 e6 30. h4 Be8 31. Rb6 e5 32. c5 Kf7 33. Bd1 Rac8 34. Bb3+ Kg7 35. Bd5 Rc7 36. fxe5 fxe5 37. Re6 Bb5+ 38. Kd2 Rf8 39. Rxe5 Rf2+ 40. Kd1 Rf1+ 1/2-1/2